00513nam a2200133Ia 4500008004100000024005700041082001900098100009200117245006700209260002600276600002700302650003300329999001700362260210s9999 xx 000 0 und d a09B-104-EE, 09B-04-EE, 07B-74-EE & 07B-53-EE a621.382072 SYE aSyed Oun Hyder Jafry, Syed Ali Murtaza, Syed Ammar Ali Zaidi & Sheikh Mohammad Ayaz 0aAutomatic Digital Energy Meter (RFID and GSM Technology Based) aKarachi:bUITU,c2009 aElectronic Engineering aBachelor of Engineering (BE) c33058d33058